[Event "EU-chT (Men) 12th"]
[Site "Batumi"]
[Date "1999.12.04"]
[Round "6.1"]
[White "Movsesian, Sergei"]
[Black "Kozul, Zdenko"]
[Result "1-0"]
[WhiteElo "2659"]
[BlackElo "2612"]
[Annotator "Ftacnik,L"]
[PlyCount "53"]
[EventDate "1999.11.06"]
[EventType "team-swiss"]
[EventRounds "9"]
[EventCountry "GEO"]
[SourceTitle "CBM 074"]
[Source "ChessBase"]
[SourceDate "2000.02.01"]
[SourceVersion "1"]
[SourceVersionDate "2000.02.01"]
[SourceQuality "1"]
[WhiteTeam "Czech Republic"]
[BlackTeam "Croatia"]
[WhiteTeamCountry "CZE"]
[BlackTeamCountry "CRO"]

1. e4 c5 2. Nf3 Nc6 3. Nc3 d6 4. d4 cxd4 5. Nxd4 Nf6 6. f3 e6 7. Be3 Qc7 8. Qd2
a6 9. O-O-O Ne5 10. g4 h6 (10... Nc4 11. Bxc4 Qxc4 12. e5 (12. g5 Nd7 13. h4
Ne5 14. Qg2 Qc7 15. Nb3 b5 16. h5 b4 17. Ne2 a5 18. Kb1 Ba6 19. Nbd4 a4 20. g6
b3 21. gxf7+ Qxf7 22. cxb3 axb3 23. a3 Be7 24. f4 Nc4 25. Bc1 Bb7 26. Nc3 Rc8 {
0-1 Hebbinghaus,H-Trisic,A/Hamburg/1994/ (58)}) 12... Nd5 13. Nxd5 Qxd5 14.
exd6 Bxd6 15. Qc3 Qxa2 16. Nb3 Be7 17. Qxg7 Rf8 18. Rd3 a5 19. Rhd1 a4 20. Bc5
{1-0 Knick,P-Fuchs,H/Germany 1988/GER-chT2 (20)}) 11. h4 b5 12. Rg1 g6 (12...
b4 13. Na4 $13) 13. Bd3 (13. g5 hxg5 14. hxg5 Nfd7 15. f4 $14) 13... b4 14.
Nce2 d5 (14... b3 15. axb3 Nxd3+ 16. Qxd3 e5 17. Nc3 exd4 18. Bxd4 $40) 15.
exd5 Nxd5 {Black's defense is well known from the similar line of Sicilain
defense. He occupies the center with knights and hopes for the best with his
king in the center.} 16. f4 (16. h5 Nxd3+ 17. Qxd3 gxh5 18. gxh5 Bb7 $15) 16...
Nxd3+ 17. Qxd3 Nxe3 18. Qxe3 Bc5 19. f5 (19. h5 gxh5 20. gxh5 Bb7 $15) 19...
gxf5 20. Nf4 $1 (20. gxf5 e5 $1 21. f6 Bb7 22. Rg7 O-O-O $17) 20... e5 21. Nh5
$2 {Movsesian is a bit too ambitious, the knight is rather displaced in the
rear of the board.} (21. Rge1 $1 O-O (21... f6 22. Qf3 Bb7 23. Nd5 $16) 22. Nd5
Qd6 23. Qxe5 Qxe5 24. Rxe5 $14) 21... f4 (21... fxg4 $6 22. Qe4 $1 Bxd4 (22...
Bb7 23. Qxg4 Bxd4 24. Rxd4 exd4 (24... Ke7 25. Rd2 $18) 25. Re1+ $18) 23. Rxd4
f5 24. Qd5 Rb8 (24... exd4 25. Re1+ Kf8 26. Qxd4 Rh7 27. Qf6+) 25. Rc4 $13) 22.
Qe2 (22. Nxf4 Bb7 23. Rge1 O-O-O $1 $19) 22... Kf8 23. Rge1 Be7 (23... Bxd4 24.
Rxd4 $14) (23... Bd6 24. Nf6 Qd8 25. Qe4 $13) 24. Nf5 (24. Nc6 Bxh4 25. Qxe5
Qxe5 26. Nxe5 Be6 $15 (26... Bxe1 27. Rd8+ Ke7 28. Nc6+ Ke6 29. Nxf4+ Kf6 30.
Rxh8 Bb7 $15)) 24... Bxf5 (24... Bc5 $2 25. Qxe5 Qxe5 26. Rd8+ $18) (24... f6
25. Nxe7 Kxe7 26. Nxf4 $18) 25. gxf5 Bxh4 $2 {[%mdl 8192] Great tactical
mistake, Kozul must have overlooked the tricky move approaching his poor king.}
(25... Rc8 $1 26. f6 (26. Qe4 Bxh4 27. Qxb4+ Kg8 28. Rg1+ Bg5 29. Qe4 Qc4 $17)
(26. Kb1 Bxh4 27. Qxe5 Qxe5 28. Rxe5 Rg8 29. Re4 Rg2 30. Rxb4 Rgxc2 31. Nxf4
Bg5 $17) 26... Bc5 27. Qe4 f3 28. Ng7 Rg8 $17) 26. Qg2 $1 Ke7 27. Qg7 (27. Qg7
Bxe1 (27... Rhg8 28. Rxe5+ $18) 28. f6+ Ke6 29. Qg4#) 1-0

[Event "Ordzhonikidze zt 1.9"]
[Site "Ordzhonikidze"]
[Date "2000.06.12"]
[Round "4"]
[White "Zubarev, Alexander2"]
[Black "Shneider, Aleksandr"]
[Result "1-0"]
[WhiteElo "2476"]
[BlackElo "2551"]
[Annotator "Ftacnik,L"]
[PlyCount "65"]
[EventDate "2000.06.09"]
[EventType "swiss"]
[EventRounds "9"]
[EventCountry "UKR"]
[SourceTitle "CBM 078"]
[Source "ChessBase"]
[SourceDate "2000.10.18"]
[SourceVersion "1"]
[SourceVersionDate "2000.10.18"]
[SourceQuality "1"]

1. e4 c5 2. Nf3 d6 3. d4 cxd4 4. Nxd4 Nf6 5. Nc3 a6 6. Be3 e6 7. f3 b5 8. Qd2
Bb7 9. O-O-O Nbd7 10. g4 Nb6 11. Bd3 Rc8 12. Kb1 d5 13. g5 b4 14. Nce2 dxe4 15.
gxf6 exd3 (15... exf3 16. Nxf3 Bxf3 17. Bxb6 Qxb6 18. Be4 $18) 16. fxg7 Bxg7 (
16... dxc2+ $2 17. Nxc2 Qxd2 18. Rxd2 Bxg7 19. Bxb6 Bxf3 20. Rf1 $16) 17. Qxd3
{Extremely sharp position from the trendy Sicilian, black has two bishops and
somewhat vulnerable king.} Nc4 18. Rhg1 Bf6 (18... Nxe3 19. Qxe3 Bf6 20. Nxe6
Qe7 21. Ng7+ Bxg7 22. Qxe7+ Kxe7 23. Rxg7 Bxf3 24. Rg3 $11) 19. Bc1 Qc7 (19...
e5 20. Rge1 $1 Rg8 (20... exd4 $2 21. Nxd4+ $16) 21. Ng3 $13) 20. Bg5 (20. h3
Rd8 21. Qb3 Rd7 22. Qxb4 e5 23. Nf5 Bxf3 24. Rxd7 Kxd7 $13) (20. f4 $5) 20...
Bxg5 21. Rxg5 Ne5 22. Qe3 $2 {Unpleasant blunder, that drops an important pawn.
White had all the chances after the vicious 22.Qb3!? move.} (22. Nxe6 $1 fxe6
23. Rxe5 Qxe5 24. Qd7+ Kf8 25. Qxb7 Rc7 26. Qxa6 Rg8 $13) (22. Qb3 $5 Nxf3 23.
Nxe6 Qe7 24. Rg7 Be4 (24... Qxe6 25. Qxe6+ fxe6 26. Rxb7 $16) 25. N6d4 (25.
Qa4+ Bc6 26. Qxa6 Qxe6 27. Rd6 Qxd6 28. Qxc8+ Ke7 $19) 25... Kf8 26. Rg4 $13)
22... Nxf3 $1 23. Rg3 (23. Nxf3 $2 Qxc2+ 24. Ka1 Qxd1+ $19) 23... Ne5 (23... e5
$5 24. Rf1 Nh4 $1 25. Rg7 Bd5 $17) 24. c3 (24. Nf4 Ng6 25. Nh5 $15) 24... bxc3
25. Nxc3 Ng6 $2 {Black pays back the favour with a flawed knight retreat, is
looks like an invitation to start an attack.} (25... h5 26. Qe2 Kf8 27. Rf1 Qd6
$17) 26. Nxe6 $1 fxe6 27. Qxe6+ Qe7 (27... Kf8 28. Rf1+ Kg7 29. Qf6+ Kg8 30.
Rxg6+ hxg6 31. Qxg6+ Qg7 32. Qe6+ Kh7 33. Rf7 $16) (27... Ne7 28. Rg7 Rf8 29.
Re1 $18) 28. Rxg6 $1 hxg6 $2 (28... Qxe6 29. Rxe6+ Kf7 30. Re2 $16) 29. Qxg6+
Qf7 30. Re1+ Kf8 31. Qd6+ Kg8 32. Rg1+ Kh7 33. Qd3+ 1-0

[Event "USA-ch GpB"]
[Site "San Diego"]
[Date "2006.03.11"]
[Round "9"]
[White "Browne, Walter Shawn"]
[Black "Ginsburg, Mark"]
[Result "1-0"]
[WhiteElo "2434"]
[BlackElo "2367"]
[Annotator "Ftacnik,L"]
[PlyCount "59"]
[EventDate "2006.03.02"]
[EventType "swiss"]
[EventRounds "9"]
[EventCountry "USA"]
[SourceTitle "CBM 112"]
[Source "ChessBase"]
[SourceDate "2006.06.07"]
[SourceVersion "1"]
[SourceVersionDate "2006.06.07"]
[SourceQuality "1"]

1. e4 c5 2. Nf3 e6 3. d4 cxd4 4. Nxd4 Nf6 5. Nc3 d6 6. Be3 a6 7. f3 b5 8. g4 h6
9. Qd2 Nbd7 10. O-O-O b4 11. Nce2 Qa5 12. Kb1 d5 {Black has myriad of ideas
how to face the challenge of English attack. The chosen opening of the center
is quite risky as Browne is well ahead in development.} (12... Bb7 13. Ng3 (13.
Nb3 Qc7 14. Qxb4 d5 15. Qa5 Rc8 16. Qxc7 Rxc7 17. exd5 Bxd5 18. Bg2 Nxg4 19.
Bf4 Nge5 20. Nc3 Rxc3 21. bxc3 $16 {1-0 Svidler,P (2735)-Gelfand,B (2696)/
Monte Carlo 2005/ (41)}) 13... Rc8 14. Bd3 Qc7 15. h4 d5 16. g5 dxe4 17. Nxe4
Nxe4 18. fxe4 Nc5 19. g6 f6 20. Qg2 f5 21. Qh3 Be7 22. Rhf1 $16 {1-0 Valko,K 
(2118)-Barta,F (2045)/Nyiregyhaza 2002/ (29)}) 13. exd5 Nxd5 (13... Qxd5 14.
Bg2 $14) 14. Nf4 Nxe3 (14... Nxf4 15. Bxf4 Qb6 16. Bc4 Be7 17. Rhe1 $16) 15.
Qxe3 Qe5 16. Qd2 (16. Qxe5 Nxe5 17. Bg2 g5 $1 (17... Bb7 18. Rhe1 Nd7 19. Ndxe6
fxe6 20. Rxe6+ Kd8 21. Ng6 $18) 18. Nfxe6 fxe6 19. f4 Nxg4 20. Bxa8 Nf2 $11)
16... Bc5 (16... g5 17. Nh5 Qd5 18. c4 bxc3 19. Qxc3 $16) (16... Qd6 17. Bg2
Bb7 18. Qe2 $1 e5 (18... Qxf4 19. Nxe6 fxe6 20. Qxe6+ Be7 21. Qxd7+ Kf7 22.
Qxb7 $18) 19. Nf5 Qc7 (19... Qb8 20. Rxd7 $1 Kxd7 21. Qc4 Qc7 (21... Ke8 22.
Ne6 $18) 22. Qxf7+ Kc6 23. Qe6+ $18) 20. Nd5 Qc5 21. f4 $16) 17. Ndxe6 $1 {
[%mdl 128] Very typical blow for the whole line, but nevertheless impressive
action of white attacking pieces.} fxe6 (17... Be3 18. Qd5 Qxd5 19. Nc7+ Kd8
20. Nfxd5 $18) 18. Ng6 Qf6 19. Nxh8 g5 (19... Ra7 20. Bd3 Nf8 21. Ng6 $18) 20.
Bc4 Ne5 (20... Qxh8 21. Bxe6 Ra7 22. Rhe1 Kd8 23. f4 $18) 21. Bb3 Be7 (21...
Ra7 22. Qe2 Qxh8 23. Rhe1 Nd7 24. Qxe6+ Kd8 25. Ba4 $18) 22. h4 $1 {Opening of
the h file will launch the reserve rook on h1 into heat of the attack.} Bd7 (
22... gxh4 23. f4 Nd7 (23... Nxg4 24. Qg2 $18) 24. f5 Qxh8 25. Ba4 $18) (22...
Qxh8 23. hxg5 a5 24. Ba4+ Kf8 25. Qf4+ Kg8 26. Rxh6 $18) 23. hxg5 hxg5 (23...
Qxh8 24. f4 O-O-O 25. fxe5 Bc6 26. Qe3 Bxh1 27. Rxh1 $18) (23... Qxg5 24. f4
Qg7 25. fxe5 Bg5 26. Qd6 $18) 24. Ng6 $1 {The decisive blow on the square,
that seems to be very well defended by black pieces.} Qxg6 (24... Nxg6 25.
Qxd7+ $18) 25. Rh8+ Bf8 (25... Kf7 26. Rxa8 $18) 26. Rxf8+ (26. Qd6 Qf6 27.
Rxf8+ Qxf8 28. Qxe5 Qh6 29. Qd6 $18) 26... Kxf8 27. Qd6+ Ke8 28. Qxe5 Rd8 29.
Rh1 {All black pawns are weak and pieces poorly coordinated.} Ke7 (29... Kf7
30. f4 gxf4 31. Qxf4+ Kg8 32. Qc7 Qf6 33. Rd1 Kf8 34. Ba4 $18) 30. Qc5+ (30.
Qc5+ Kf7 31. Qd4 a5 32. Bxe6+ $1 Kxe6 (32... Qxe6 33. Rh7+ $18) 33. Qb6+ Kf7
34. Qxd8 $18) 1-0

[Event "RUS-chT 11th"]
[Site "Sochi"]
[Date "2004.04.26"]
[Round "7.5"]
[White "Inarkiev, Ernesto"]
[Black "Kharlov, Andrei"]
[Result "0-1"]
[WhiteElo "2595"]
[BlackElo "2593"]
[Annotator "Ftacnik,L"]
[PlyCount "68"]
[EventDate "2004.04.20"]
[EventType "team-tourn"]
[EventRounds "9"]
[EventCountry "RUS"]
[SourceTitle "EXT 2020"]
[Source "ChessBase"]
[SourceDate "2019.10.17"]
[SourceVersion "1"]
[SourceVersionDate "2019.10.17"]
[SourceQuality "1"]
[WhiteTeam "Tomsk 400"]
[BlackTeam "Kazan Ladya"]
[WhiteTeamCountry "RUS"]
[BlackTeamCountry "RUS"]

1. e4 c5 2. Nf3 Nc6 3. d4 cxd4 4. Nxd4 e6 5. Nc3 d6 6. Be3 Nf6 7. f3 Be7 8. Qd2
O-O 9. g4 d5 10. g5 Nh5 11. O-O-O Nxd4 12. Qxd4 Bxg5 13. exd5 exd5 14. Rg1
Bxe3+ 15. Qxe3 Nf6 {Positional seems to be about equal, since black extra pawn
is easily compensated by white's active pieces.} (15... Be6 $2 16. Qh6 $18 {
1-0 Gaponenko,I-Socko,B/Polanica Zdroj 2000/ (16)}) 16. Qg5 (16. Ne4 Nxe4 17.
fxe4 Qb6 18. Qg5 g6 19. exd5 Re8 20. d6 Be6 21. Rg3 (21. Bb5 Red8 22. d7 Qa5
23. Rd6 Qxa2 24. Rg3 Qa1+ 25. Kd2 Qa5+ 26. Kd1 Qa1+ 27. Kd2 Qxb2 28. Rxe6 fxe6
29. Rc3 Qb4 {0-1 Horvath,A-Sax,G/Heviz 2003/ (40)}) 21... Red8 22. Qf4 Rac8 23.
Bh3 Rc4 24. Qd2 Rc6 25. Bxe6 Rcxd6 {1/2-1/2 Motylev,A-Kharlov,A/Dubai 2002/ 
(28)}) 16... g6 17. h4 (17. Nxd5 Nxd5 18. Qxd5 Qxd5 19. Rxd5 Be6 20. Rd2 Rad8
$11) (17. Bc4 Be6 18. Nxd5 Nxd5 19. Bxd5 Qb6 $11) 17... Qb6 18. h5 (18. Nxd5
Nxd5 19. Rxd5 Be6 20. Rd3 Rfc8 $15) 18... Re8 19. Kb1 $2 {Inarkiev is too
ambitious and he avoids exchange of the queens with equal chances.} (19. hxg6
hxg6 20. Bd3 Qe3+ 21. Qxe3 Rxe3 22. Bxg6 Kf8 23. Bd3 Be6 $11) 19... h6 $1 20.
Qg2 (20. Qxh6 Qxg1 21. hxg6 Qxg6 $19) 20... g5 (20... Re5 21. Rh1 (21. f4 Rxh5
22. Be2 Rf5 $17) 21... d4 22. Ne4 Nxh5 $15) 21. f4 g4 22. Bb5 (22. Be2 d4 23.
Nb5 Rd8 24. Qf2 Bf5 25. Rxd4 (25. Nxd4 Rac8 $19) 25... Rd5 26. Bc4 Rxb5 27.
Bxb5 Qxb5 $19) 22... d4 $1 {[%mdl 64] Fine move, that benefits from the
unfortunate location of white king.} 23. Nd5 (23. Bxe8 dxc3 24. Bxf7+ Kxf7 25.
b3 Qc5 $19) 23... Nxd5 24. Bxe8 (24. Qxd5 Be6 25. Rxg4+ Kf8 26. Rg8+ Kxg8 27.
Qg2+ Kf8 28. Bxe8 Rxe8 29. Rg1 d3 $19) 24... Nc3+ 25. Ka1 (25. Kc1 Nxa2+ 26.
Kd2 Qb4+ 27. Ke2 Qe7+ $19) 25... Nxd1 26. Rxd1 Bf5 27. Ba4 Rd8 {Kharlov ended
in a position pawn up, active pieces and potential for queenside attack.} (
27... Rc8 28. Bb3 Rc7 $17) 28. Bb3 Qc6 29. Qh2 (29. Qxc6 bxc6 30. Kb1 Kg7 $19)
29... d3 30. Qh4 (30. cxd3 Rxd3 31. Qe2 Rxd1+ 32. Qxd1 Qe4 $19) 30... Rd7 31.
cxd3 Rxd3 32. Re1 (32. Rxd3 Qc1#) 32... Rxb3 $1 {White king is far from safe
in the corner.} 33. Qd8+ (33. axb3 Qa6#) 33... Kh7 34. Qe7 Qd5 0-1

[Event "Moscow Aeroflot op"]
[Site "Moscow"]
[Date "2002.02.05"]
[Round "1"]
[White "Vorobiov, Evgeny E"]
[Black "Korobov, Anton"]
[Result "1-0"]
[WhiteElo "2534"]
[BlackElo "2511"]
[Annotator "Ftacnik,L"]
[PlyCount "67"]
[EventDate "2002.02.04"]
[EventType "swiss"]
[EventRounds "9"]
[EventCountry "RUS"]
[SourceTitle "CBM 088"]
[Source "ChessBase"]
[SourceDate "2002.03.21"]
[SourceVersion "1"]
[SourceVersionDate "2002.03.21"]
[SourceQuality "1"]

1. e4 c5 2. Nf3 d6 3. d4 cxd4 4. Nxd4 Nf6 5. Nc3 a6 6. f3 e6 7. Be3 b5 8. g4 h6
9. Qd2 Bb7 10. h4 Nbd7 11. O-O-O b4 12. Na4 Qa5 13. b3 Rc8 14. Rg1 $5 {[%mdl 4]
White needs a good antidote to the smart move 13...Rc8, which avoids
complications of the older main line 13...Nc5.} (14. Kb1 Nc5 15. Nb2 Nfxe4 {
0-1 Mull,T-Maxion,D/Dortmund 1987/ (15)}) (14. Bh3 Ne5 (14... Nc5 15. g5 Nxa4
16. bxa4 hxg5 17. hxg5 Rxh3 18. Rxh3 Nd7 19. g6 Qxa4 20. gxf7+ Kxf7 21. Kb1 Ne5
22. Bg5 {1-0 Medvegy,N-Nimtz,M/Bad Wiessee 2000/ (38)}) 15. g5 Nfd7 16. f4 Nc4
17. bxc4 Qxa4 18. g6 Nc5 19. gxf7+ Kxf7 20. Rhg1 Bxe4 21. Nb3 Qa3+ $1 22. Kb1
Nxb3 {0-1 Vorobiov,E-Shipov,S/Moscow 1999/ (30)}) 14... Nc5 (14... Ne5 15. g5
hxg5 16. hxg5 Nfd7 17. g6 fxg6 (17... Nxg6 18. Nxe6 fxe6 19. Rxg6 Kf7 20. Rg5
d5 21. exd5 exd5 22. Qd3 $40) 18. f4 Nf7 19. Nxe6 Bxe4 20. Bd3 Bf5 21. Nd4 $40)
15. g5 (15. a3 Nxa4 16. axb4 Qc7 17. bxa4 e5 18. Nf5 d5 $13) 15... Nxa4 16.
bxa4 (16. gxf6 $2 Nc3 17. a4 bxa3 $19) 16... hxg5 17. hxg5 Nd7 (17... Qxa4 $5
18. gxf6 gxf6 (18... Qxa2 19. Qxb4 $16) 19. Kb1 Rc3 $13) 18. g6 {The
principial continuation, black will have to live with the exposed king and
weak e6 pawn.} Qxa4 19. gxf7+ Kxf7 20. Kb1 Be7 (20... Qa3 21. Bd3 Be7 22. Qg2
Bf6 23. Qg6+ Ke7 24. Bc1 Qa5 25. Bg5 $40) (20... Rc3 21. Qg2 Rxe3 22. Qg6+ Ke7
23. Qg5+ Ke8 24. Qxe3 $14) 21. Qg2 Bf6 (21... g5 22. Bxg5 Rcg8 23. Nxe6 $1 Ne5
(23... Kxe6 24. Bc4+ d5 25. exd5+ $18) 24. Qd2 Kxe6 25. Bxe7 $18) 22. Qg6+ Ke7
23. Bg5 Rcg8 (23... Rhg8 $2 24. Bh3 $1 $18) 24. Nxe6 $3 Ne5 (24... Kxe6 25.
Bc4+ d5 (25... Ke7 26. Bxf6+ gxf6 27. Qf7+ Kd8 28. Rxg8+ $18) 26. exd5+ Kd6 27.
Bf4+ Kc5 28. Be3+ Kd6 29. Bb3 Qa3 30. Bc1 Qa5 31. Bf4+ Kc5 32. Qe4 $1 $18) 25.
Qf5 Bc8 $2 {The correct defensive idea, but black had to find the best way to
put it in practise. Now the tactics wroks fine for Vorobiov.} (25... Rh2 26.
Rg2 (26. Nd4 Bc8 27. Qf4 Be6 $1 $17) 26... Bc8 $1 (26... Rxg2 27. Bxg2 Nf7 28.
Bxf6+ gxf6 29. Nf4 $16) 27. Rxh2 Bxe6 28. Bxf6+ gxf6 (28... Kd7 29. Rxd6+ $1
$18) 29. Rh7+ Nf7 30. Qxe6+ Kxe6 31. Bc4+ Ke5 32. Bxf7 $11) 26. Bxf6+ gxf6 27.
Rxg8 Bxe6 (27... Rxg8 28. Qh7+ Nf7 29. Nf4 $18) 28. Qxe6+ $1 (28. Rg7+ Nf7 29.
Qxe6+ Kxe6 30. Bc4+ Ke5 31. Rxf7 $13) 28... Kxe6 29. Rxh8 Nxf3 (29... Ke7 30.
Rh7+ Kf8 31. Rxd6 $18) 30. Bc4+ Ke5 {There was no safe heaven for the black
king, unfortuanatelly Korobov has no attack at all.} (30... Kd7 31. Bd5 (31.
Rh7+ Kc6 32. Bb3 Qa5 33. Rd5 Qd8 34. Ba4+ Kb6 35. Rd7 $16) 31... Ng5 32. Rb8
$18) 31. Rh5+ Kf4 (31... Kxe4 32. Bd5+ Kf4 33. Rf1 $18) (31... f5 32. Bb3 Qe8
33. Rxf5+ Kxe4 34. Rf6 Ne5 35. Re1+ Kd4 36. Rxd6+ $18) (31... Ng5 32. Rh4 $18)
32. Rf5+ Kxe4 (32... Ke3 33. Rd3+ Kxe4 34. Rdxf3 $18) 33. Rxf6 Nd4 34. Re1+ 1-0

[Event "GRE-GER m"]
[Site "Corfu"]
[Date "1999.10.13"]
[Round "2"]
[White "Mastrovasilis, Dimitrios"]
[Black "Lutz, Christopher"]
[Result "0-1"]
[WhiteElo "2384"]
[BlackElo "2591"]
[Annotator "Ftacnik,L"]
[PlyCount "70"]
[EventDate "1999.10.12"]
[EventType "schev"]
[EventRounds "5"]
[EventCountry "GRE"]
[SourceTitle "CBM 074"]
[Source "ChessBase"]
[SourceDate "2000.02.01"]
[SourceVersion "1"]
[SourceVersionDate "2000.02.01"]
[SourceQuality "1"]

1. e4 c5 2. Nf3 d6 3. d4 cxd4 4. Nxd4 Nf6 5. Nc3 a6 6. f3 e6 7. Be3 b5 8. g4 h6
9. Qd2 Nbd7 10. O-O-O Bb7 11. h4 b4 12. Nb1 d5 13. Bh3 g5 $5 {The latest word
in this sharp line. Black takes advantage of the awkward location of the
bishop on h3 and the knight on b1.} 14. hxg5 hxg5 15. exd5 (15. Bxg5 dxe4 16.
fxe4 Nxe4 17. Bxd8 Nxd2 18. Bg2 Rxh1 19. Bxh1 Bxh1 20. Nxd2 Rxd8 21. Rxh1 Ne5
22. N2b3 Nxg4 {0-1 Mercs,P-Bushill,M/Scarborough/1999/ (51)}) 15... Nxd5 16.
Bxg5 Qb6 (16... Qa5 17. Bg2 Rxh1 18. Rxh1 Qxa2 19. Rh8 Rc8 20. Nf5 Nc5 21.
Rxf8+ Kxf8 22. Bh6+ Ke8 23. Nd6+ Kd7 24. Nxc8 Kxc8 25. Qd4 {1/2-1/2 Leko,
P-Topalov,V/Linares/1999/ (53)}) 17. Bg2 Rxh1 18. Bxh1 (18. Rxh1 Bg7 $13) 18...
Rc8 19. Re1 (19. f4 $6 Nc3 $1 20. Re1 Nxa2+ 21. Kd1 Bxh1 22. Rxh1 Bg7 $17) (19.
Nb3 a5 20. f4 a4 21. Nd4 Nc3 $1 $17) 19... Nc5 (19... Qa5 20. f4 (20. a3 Qb6 $1
(20... Nc3 $2 21. Nxe6 $18) (20... N7b6 21. b3 Nc3 22. a4 Nbd5 $13) 21. a4 Nc5
$17) 20... Qxa2 21. f5 (21. Nxe6 fxe6 22. Rxe6+ Kf7 23. Qd3 Kxe6 24. Qg6+ N7f6
25. Bxf6 Nxf6 26. Bxb7 Rd8 27. g5 Be7 {0-1 Zufic,M-Tratar,M/Ljubljana/1999/ 
(35)}) 21... Nc5 $5 22. fxe6 (22. Bxd5 Bxd5 23. fxe6 fxe6 24. Bf6 Qa1 25. b3
Bd6 $19) 22... Bg7 $1 23. exf7+ Kxf7 24. Bxd5+ $6 (24. Qf2+ $1 Kg8 25. Qf5 $1)
24... Qxd5 25. Re7+ Kg8 26. Rxg7+ (26. Nc3 $2 Qh1+ 27. Re1 bxc3 28. bxc3 Qh3
$19) 26... Kxg7 27. Nc3 $3 (27. Nf5+ Qxf5 (27... Kf8 28. Bh6+ Kf7 29. Nd6+ $14)
28. gxf5 (28. Qd4+ $2 Kg8 29. gxf5 Nb3+ $19) 28... Nb3+ 29. Kd1 Bf3+ 30. Ke1
Nxd2 31. Nxd2 Bg4 $19) 27... bxc3 28. Nf5+ Kf7 (28... Kf8 $1) 29. Qxd5+ Bxd5
30. Nd6+ Kg6 {0-1 Anand,V-Kasparov,G/Linares/1999/ (50)}) 20. f4 Bg7 {The
first independent move in the game, black was well prepared for the following
tactical squirmish.} (20... Qa5 21. Nxe6 Nxe6 22. f5 Qxa2 23. fxe6 Bg7 24.
exf7+ Kxf7 25. Bxd5+ Qxd5 26. Qxd5+ Bxd5 27. Nd2 a5 {1/2-1/2 Mastrovasilis,
D-Dominguez,L/Oropesa del Mar/1999/ (41)}) 21. Nf5 Kf8 22. Nxg7 b3 $3 {[%mdl
64]} (22... Kxg7 23. Qd4+ Kg8 24. Nd2 $16) 23. Qd4 (23. Nxe6+ fxe6 (23... Nxe6
24. axb3 Nxg5 25. Bxd5 $18) 24. Bxd5 (24. Qd4 Nd3+ 25. Qxd3 Qf2 $17) 24... Bxd5
25. Qc3 (25. Be7+ Kxe7 26. Qxd5 bxa2 27. Qxa2 Nb3+ 28. Qxb3 Qxb3 $19) 25... Kg8
26. axb3 (26. Bh6 Rc7 27. axb3 Nxb3+ 28. cxb3 Qf2 $19) 26... Nxb3+ 27. cxb3
Rxc3+ 28. Nxc3 Bxb3 $15) (23. Bxd5 Bxd5 24. Qd4 (24. Be7+ Kxe7 25. Nc3 bxa2 26.
Nxd5+ Kf8 $19) 24... Nd3+ 25. Qxd3 Rxc2+ 26. Qxc2 (26. Kd1 Bf3+ 27. Qxf3 Qd4+
$19) 26... bxc2 27. Nxe6+ Bxe6 28. Na3 f5 $15) 23... Nd3+ $1 {Excellent move
fights for the initiative in the sharp position. Whoever comes first with his
threats will get an advantage.} (23... bxa2 24. Nxe6+ fxe6 (24... Nxe6 25. Qh8#
) 25. Qh8+ Kf7 26. Qh7+ Kf8 $11) 24. Qxd3 Qf2 25. Nxe6+ (25. Bh4 Qxh4 26. Nxe6+
fxe6 27. Rf1 Rxc2+ 28. Kd1 Qxg4+ $19) (25. Re2 Qf1+ 26. Qd1 Qxd1+ 27. Kxd1 bxa2
$19) 25... fxe6 26. Bh6+ Ke7 (26... Ke8 27. Qg6+ Kd8 28. Bg5+ Kc7 29. Qe4 bxa2
30. Re2 Qc5 $17) 27. Qh7+ Kd6 {Lutz seems to have prepared on a very high
level, black king is escaping danger.} 28. Bf8+ (28. Rxe6+ Kxe6 29. Bxd5+ Bxd5
30. Qf5+ Kd6 31. Qe5+ Kc6 32. axb3 Qg1+ 33. Kd2 Qxb1 $19) 28... Rxf8 29. Qe4
bxa2 30. Qxe6+ (30. Qe5+ Kc6 31. Bxd5+ exd5 32. Qe6+ Kc7 33. Qe7+ Kb8 34. Qxf8+
Ka7 35. Qb4 a1=Q 36. Re7 Qg1+ 37. Re1 Qb6 $19) 30... Kc7 31. Bxd5 Qxf4+ 32. Re3
(32. Kd1 $2 axb1=Q+ 33. Ke2 Qxc2#) 32... Qf1+ 33. Re1 (33. Kd2 axb1=N#) 33...
Qf4+ 34. Re3 Bxd5 35. Qe7+ Kb8 0-1